| 000 | 00000cam 2200000zi 4500 |
| 001 | 9.956398 |
| 003 | CaOODSP |
| 005 | 20251215124430 |
| 006 | m o d f |
| 007 | cr |n||||||||| |
| 008 | 251016e202511 oncbd ob f000 0 fre d |
| 020 | |a9780660793740 |
| 040 | |aCaOODSP|bfre|erda|cCaOODSP |
| 043 | |an-cn--- |
| 086 | 1 |aFs70-5/2025-073F-PDF |
| 100 | 1 |aMatthews, Cory J. D., |eauteur. |
| 245 | 10|aEstimations de l'abondance et du prélèvement biologique potentiel (PBP) pour les stocks de gestion du morse de l'Atlantique (Odobenus rosmarus rosmarus) dans le Haut-Arctique du Canada - été 2022 / |cC.J.D. Matthews, S.-T. Zhao, B.A.H. Sherbo, B.A. Biddlecombe, M. Ghazal, et C.A. Hornby. |
| 264 | 1|aOttawa : |bSecrétariat canadien de consultation scientifique (SCCS), |cnovembre 2025. |
| 264 | 4|c©2025 |
| 300 | |a1 ressource en ligne (iv, 27 pages) : |bcartes, graphiques. |
| 336 | |atexte|btxt|2rdacontent/fre |
| 337 | |ainformatique|bc|2rdamedia/fre |
| 338 | |aressource en ligne|bcr|2rdacarrier/fre |
| 490 | 1 |aDocument de recherche, |x2292-4272 ; |v2025/073 |
| 500 | |aPublié aussi en anglais sous le titre : Abundance and potential biological removal (PBR) estimates for Canada's High Arctic Atlantic walrus (Odobenus rosmarus rosmarus) management stocks, summer 2022. |
| 504 | |aComprend des références bibliographiques (pages 22-25). |
| 650 | 6|aMorse|zArctique. |
| 650 | 6|aMammifères marins|xPopulations|xEstimation|zArctique. |
| 650 | 6|aMorse|xChasse|zArctique|xGestion. |
| 710 | 1 |aCanada. |bMinistère des pêches et des océans. |bRégion de l'Arctique, |eorganisme de publication. |
| 710 | 2 |aSecrétariat canadien de consultation scientifique, |eorganisme de publication. |
| 775 | 08|tAbundance and potential biological removal (PBR) estimates for Canada's High Arctic Atlantic walrus (Odobenus rosmarus rosmarus) management stocks, summer 2022 / |w(CaOODSP)9.956397 |
| 830 | #0|aDocument de recherche (Secrétariat canadien de consultation scientifique)|v2025/073.|w(CaOODSP)9.503788 |
| 856 | 40|qPDF|s1.47 Mo|uhttps://publications.gc.ca/collections/collection_2025/mpo-dfo/fs70-5/Fs70-5-2025-073-fra.pdf |